000 00766nam a22001817a 4500
003 UA-OsUOA
001 17689
007 ta
008 20040322b un ||||| |||| 00| 0 ukr d
100 _aКондратенко О.
942 _cSA
040 _aUA-OsUOA
_cUA-OsUOA
_dUA-OsUOA
245 _aЗапорука добробуту - стабільна економіка: [На одинадцятій сесії Радивилів. район. ради депутати затвердили прогр. діяльн. р-ну, визначивши пріоритети розвитку]
300 _aС.1
955 _a0
773 0 _w0
_tПрапор перемоги
_dРадивилів
_d2004
_g№19/2 берез./
650 7 _aКраєзнавча робота
_2UDC
999 _c303857
_d303857